[Event "Titled Tuesday intern op 27th Feb Late"]
[Site "Chess.com INT"]
[Date "2024.02.27"]
[Round "2"]
[White "Silvestre, Christian"]
[Black "Kleiman, Jake"]
[Result "0-1"]
[WhiteElo "1942"]
[BlackElo "2399"]
[PlyCount "42"]
[EventDate "2024.02.27"]
[EventType "swiss (blitz)"]
[EventRounds "11"]
[EventCountry "USA"]
[SourceTitle "CB10_2024"]
[SourceDate "2024.03.06"]
[SourceVersion "1"]
[SourceVersionDate "2024.03.06"]
[SourceQuality "1"]

1. Nf3 Nf6 2. g3 e6 3. b3 d5 4. Bb2 a5 5. Bg2 a4 6. 0-0 a3 7. Bc1 Be7 8. d3 0-0 9. c4 b6 10. Qc2 Bb7 11. Bf4 Nc6 12. Nbd2 Nb4 13. Qc3 c5 14. h3 Nd7 15. e4 d4 16. Qc1 Nxd3 17. Qc2 Nxf4 18. gxf4 Qc7 19. e5 f6 20. exf6 Bxf6 21. Ne4 Qxf4 0-1

[Event "Titled Tuesday intern op 13th Feb Late"]
[Site "Chess.com INT"]
[Date "2024.02.13"]
[Round "10"]
[White "Ozates, Tuna"]
[Black "Silvestre, Christian"]
[Result "1-0"]
[WhiteElo "2290"]
[BlackElo "1942"]
[PlyCount "43"]
[EventDate "2024.02.13"]
[EventType "swiss (blitz)"]
[EventRounds "11"]
[EventCountry "USA"]
[SourceTitle "CB08_2024"]
[SourceDate "2024.02.21"]
[SourceVersion "1"]
[SourceVersionDate "2024.02.21"]
[SourceQuality "1"]

1. e4 d5 2. e5 c5 3. Nf3 a6 4. h3 Bf5 5. c3 e6 6. d4 Nc6 7. Be2 cxd4 8. cxd4 Bxb1 9. Rxb1 Qa5+ 10. Bd2 Qxa2 11. Ra1 Qxb2 12. Rb1 Qa3 13. Rxb7 Nge7 14. 0-0 Nf5 15. Qc2 Ncxd4 16. Nxd4 Nxd4 17. Qc7 Nxe2+ 18. Kh1 Be7 19. Qc6+ Kf8 20. Rxe7 Kxe7 21. Qb7+ Kd8 22. Qxa8+ 1-0

[Event "Titled Tuesday intern op 13th Feb Late"]
[Site "Chess.com INT"]
[Date "2024.02.13"]
[Round "9"]
[White "Silvestre, Christian"]
[Black "Nouali, Mohamed"]
[Result "1-0"]
[WhiteElo "1942"]
[BlackElo "2137"]
[PlyCount "91"]
[EventDate "2024.02.13"]
[EventType "swiss (blitz)"]
[EventRounds "11"]
[EventCountry "USA"]
[SourceTitle "CB08_2024"]
[SourceDate "2024.02.21"]
[SourceVersion "1"]
[SourceVersionDate "2024.02.21"]
[SourceQuality "1"]

1. e4 c5 2. c3 d5 3. d3 Nc6 4. Nd2 Nf6 5. g3 g6 6. Bg2 Ne5 7. Bf1 dxe4 8. Nxe4 Nxe4 9. dxe4 Qxd1+ 10. Kxd1 Bg4+ 11. Kc2 0-0-0 12. Bf4 Bg7 13. h3 Be6 14. Be3 f5 15. Bxc5 fxe4 16. Bxe7 Rd7 17. Bg5 Nd3 18. Be3 Rf8 19. Rh2 a5 20. Ne2 Rdf7 21. Nd4 Bc4 22. f4 Bxd4 23. Bxd4 Rc7 24. h4 b5 25. a3 Kb7 26. h5 g5 27. fxg5 a4 28. g6 Bb3+ 29. Kd2 Rd8 30. Bxd3 exd3 31. Rc1 Rg8 32. g7 Bc4 33. h6 Rf7 34. g4 Rf3 35. g5 Re8 36. Re1 Re2+ 37. Rhxe2 dxe2 38. Rxe2 Rd3+ 39. Ke1 Rg3 40. Re5 Rg2 41. Bf2 Kc7 42. Rf5 Kd7 43. Re5 Rg4 44. Be3 Rg2 45. Bf2 Rg4 46. Rc5 1-0

[Event "Titled Tuesday intern op 13th Feb Early"]
[Site "Chess.com INT"]
[Date "2024.02.13"]
[Round "2"]
[White "Silvestre, Christian"]
[Black "Vila Dupla, Aurelio"]
[Result "1-0"]
[WhiteElo "1942"]
[BlackElo "2042"]
[PlyCount "113"]
[EventDate "2024.02.13"]
[EventType "swiss (blitz)"]
[EventRounds "11"]
[EventCountry "USA"]
[SourceTitle "CB08_2024"]
[SourceDate "2024.02.21"]
[SourceVersion "1"]
[SourceVersionDate "2024.02.21"]
[SourceQuality "1"]

1. e4 e6 2. Qe2 c5 3. Nc3 Nc6 4. g3 g6 5. Nf3 Bg7 6. Bg2 Nge7 7. 0-0 0-0 8. d3 b6 9. h4 d5 10. h5 Ba6 11. Bg5 Qd7 12. hxg6 hxg6 13. Rfe1 Rfe8 14. Rad1 Nd4 15. Nxd4 cxd4 16. Nb1 dxe4 17. Qxe4 Rab8 18. Na3 Bb7 19. Qh4 Bxg2 20. Kxg2 Nf5 21. Qe4 Qb7 22. Qxb7 Rxb7 23. Nc4 Rc7 24. Bf4 Rc6 25. Be5 b5 26. Na3 a6 27. Bxg7 Kxg7 28. Re4 Rh8 29. g4 Nh4+ 30. Kg3 g5 31. Rxd4 Ng6 32. Rd7 Rh4 33. c4 Rxg4+ 34. Kxg4 Ne5+ 35. Kxg5 Nxd7 36. cxb5 axb5 37. d4 b4 38. Nb5 Rc2 39. Rb1 Rxf2 40. a4 bxa3 41. bxa3 Rf5+ 42. Kg4 Nf6+ 43. Kg3 Nd5 44. a4 Rg5+ 45. Kf3 Rh5 46. Ke4 Rh4+ 47. Kd3 Rh3+ 48. Kc4 Nb6+ 49. Kb4 Rh4 50. a5 Nd5+ 51. Kc5 Rh8 52. a6 Ra8 53. a7 Kf6 54. Kc6 Ke7 55. Kb7 Rh8 56. a8Q Rxa8 57. Kxa8 1-0

[Event "Titled Tuesday intern op 06th Feb Late"]
[Site "Chess.com INT"]
[Date "2024.02.06"]
[Round "1"]
[White "Ghasi, Ameet K"]
[Black "Silvestre, Christian"]
[Result "1-0"]
[WhiteElo "2509"]
[BlackElo "1942"]
[PlyCount "83"]
[EventDate "2024.02.06"]
[EventType "swiss (blitz)"]
[EventRounds "11"]
[EventCountry "USA"]
[SourceTitle "CB07_2024"]
[SourceDate "2024.02.14"]
[SourceVersion "1"]
[SourceVersionDate "2024.02.14"]
[SourceQuality "1"]

1. c4 d6 2. d4 e5 3. Nc3 exd4 4. Qxd4 Nf6 5. Qd2 g6 6. g3 Bg7 7. Nh3 0-0 8. Nf4 Nc6 9. Bg2 Re8 10. 0-0 Ng4 11. b3 h5 12. Bb2 h4 13. Ncd5 hxg3 14. hxg3 Nce5 15. Rad1 Bd7 16. f3 Nh6 17. e4 f5 18. Bxe5 dxe5 19. Nxg6 f4 20. gxf4 exf4 21. Ndxf4 Bc6 22. Qxd8 Raxd8 23. Ne7+ Kf7 24. Nxc6 bxc6 25. Ne2 Ng8 26. f4 Bf8 27. Kf2 Bc5+ 28. Kf3 Ne7 29. Bh3 Ng6 30. e5 Kg7 31. Ng3 Rf8 32. Nf5+ Kh7 33. Ke4 Rde8 34. Bg4 Kg8 35. Bh5 Re6 36. Rd7 Ne7 37. Bg4 Nxf5 38. Bxf5 Re7 39. Rxe7 Bxe7 40. Rg1+ Kh8 41. Rg6 c5 42. Rc6 1-0

[Event "Titled Tuesday intern op 16th Jan Early"]
[Site "Chess.com INT"]
[Date "2024.01.16"]
[Round "9"]
[White "Krishnan, Ritvik"]
[Black "Silvestre, Christian"]
[Result "1-0"]
[WhiteElo "2277"]
[BlackElo "1942"]
[PlyCount "77"]
[EventDate "2024.01.16"]
[EventType "swiss (blitz)"]
[EventRounds "11"]
[EventCountry "USA"]
[SourceTitle "CB04_2024"]
[SourceDate "2023.10.16"]
[SourceVersion "1"]
[SourceVersionDate "2023.10.16"]
[SourceQuality "1"]

1. e4 c5 2. Nf3 Nc6 3. d4 cxd4 4. Nxd4 g6 5. c4 Bg7 6. Be3 Nf6 7. Nc3 0-0 8. Be2 d6 9. 0-0 Bd7 10. h3 Nxd4 11. Bxd4 a5 12. b3 Bc6 13. Qd3 Nd7 14. Bxg7 Kxg7 15. Kh2 Qb6 16. f4 Nc5 17. Qc2 f5 18. Bf3 fxe4 19. Nxe4 Nxe4 20. Bxe4 Rae8 21. Qc3+ Kh6 22. Rae1 Bxe4 23. Rxe4 e5 24. Qc1 Kg7 25. fxe5 Rxf1 26. Qxf1 dxe5 27. Qd3 Re7 28. Qd5 Qf6 29. Qxa5 Qf5 30. Qd5 Qf2 31. Qd6 Re8 32. a4 Qf5 33. Qd5 Re7 34. a5 Rd7 35. Qxe5+ Qxe5+ 36. Rxe5 Rd3 37. Rb5 Kf6 38. Rxb7 Rc3 39. a6 1-0

[Event "Titled Tuesday intern op 16th Jan Early"]
[Site "Chess.com INT"]
[Date "2024.01.16"]
[Round "7"]
[White "Silvestre, Christian"]
[Black "Golubev, Mikhail"]
[Result "0-1"]
[WhiteElo "1942"]
[BlackElo "2461"]
[PlyCount "66"]
[EventDate "2024.01.16"]
[EventType "swiss (blitz)"]
[EventRounds "11"]
[EventCountry "USA"]
[SourceTitle "CB04_2024"]
[SourceDate "2023.10.16"]
[SourceVersion "1"]
[SourceVersionDate "2023.10.16"]
[SourceQuality "1"]

1. e4 c5 2. Nc3 e6 3. g3 Nc6 4. Bg2 g6 5. Nge2 Bg7 6. 0-0 a6 7. a4 Nge7 8. f4 d5 9. d3 d4 10. Nb1 0-0 11. Nd2 e5 12. Nc4 Be6 13. b3 b5 14. f5 gxf5 15. exf5 Bxf5 16. Nd2 Rc8 17. axb5 axb5 18. Ne4 Bg6 19. g4 Nd5 20. N2g3 Nc3 21. Nxc3 dxc3 22. Ra6 Nd4 23. g5 c4 24. dxc4 Bxc2 25. Qg4 Nxb3 26. Ba3 Rxc4 27. Qf3 Nd2 28. Qf2 Nxf1 29. Nxf1 b4 30. Qxc2 bxa3 31. Be4 Qd4+ 32. Kg2 Qxe4+ 33. Qxe4 Rxe4 0-1

[Event "Titled Tuesday intern op 12th Dec Early"]
[Site "Chess.com INT"]
[Date "2023.12.12"]
[Round "9"]
[White "Silvestre, Christian"]
[Black "Gavrilov, Maxim"]
[Result "0-1"]
[WhiteElo "1942"]
[BlackElo "2186"]
[PlyCount "84"]
[EventDate "2023.12.12"]
[EventType "swiss (blitz)"]
[EventRounds "11"]
[EventCountry "USA"]
[SourceTitle "CB51_2023"]
[SourceDate "2023.12.20"]
[SourceVersion "1"]
[SourceVersionDate "2023.12.20"]
[SourceQuality "1"]

1. e4 c5 2. c3 d5 3. exd5 Qxd5 4. d4 Nc6 5. Nf3 Bg4 6. Be2 Nf6 7. c4 Qd7 8. d5 Bxf3 9. Bxf3 Nd4 10. 0-0 g6 11. Be3 Nxf3+ 12. Qxf3 Rc8 13. Nc3 Bg7 14. Rfe1 0-0 15. Rad1 Rfe8 16. Bg5 h6 17. Bh4 a6 18. a4 Nh7 19. b3 Nf8 20. Ne4 f5 21. Nd2 g5 22. Bg3 f4 23. Bxf4 gxf4 24. Qxf4 Ng6 25. Qe4 Qd6 26. g3 Rf8 27. f4 Rf7 28. Nf3 Rcf8 29. Ne5 Nxe5 30. fxe5 Bxe5 31. Qxe5 Rf1+ 32. Kg2 Qxe5 33. Rxe5 R8f2+ 34. Kh3 Rxd1 35. Rxe7 Rf7 36. Re8+ Kg7 37. Rc8 Rd3 38. Rxc5 Rxb3 39. d6 Rd3 40. Rc7 Rxd6 41. Rxf7+ Kxf7 42. c5 Rd4 0-1

[Event "Titled Tuesday intern op 14th Nov Early"]
[Site "Chess.com INT"]
[Date "2023.11.14"]
[Round "7"]
[White "Kleibel, Uwe"]
[Black "Silvestre, Christian"]
[Result "1-0"]
[WhiteElo "2308"]
[BlackElo "1942"]
[PlyCount "99"]
[EventDate "2023.11.14"]
[EventType "swiss (blitz)"]
[EventRounds "11"]
[EventCountry "USA"]
[SourceTitle "CB47_2023"]
[SourceDate "2023.11.22"]
[SourceVersion "1"]
[SourceVersionDate "2023.11.22"]
[SourceQuality "1"]

1. e4 c5 2. Nf3 d6 3. Bb5+ Bd7 4. Bxd7+ Nxd7 5. 0-0 Ngf6 6. Re1 g6 7. c4 Bg7 8. d4 0-0 9. Nc3 cxd4 10. Nxd4 a6 11. b3 Rc8 12. Bb2 Re8 13. Qd2 h5 14. Rad1 Qc7 15. f4 Qb8 16. Kh1 Bh6 17. Qe2 Bxf4 18. Rf1 Bh6 19. Nd5 Bg7 20. Rf3 Ne5 21. Rg3 Nxd5 22. exd5 b5 23. cxb5 axb5 24. Nxb5 Qb6 25. a4 Qa5 26. h3 Qb4 27. Rf1 Qh4 28. Re3 Rc5 29. Re4 Qg5 30. Bd4 Rc1 31. Rxc1 Qxc1+ 32. Kh2 Rc8 33. Bb2 Qb1 34. Nc3 Rxc3 35. Bxc3 Qxb3 36. Be1 Qxd5 37. Bh4 f5 38. Re3 Kf7 39. Bg3 Qd4 40. a5 Qc5 41. a6 Qb6 42. Ra3 Qa7 43. Bf2 Qa8 44. a7 Nc6 45. Qc4+ e6 46. Qxc6 Be5+ 47. g3 Qxc6 48. a8Q Qf3 49. Ra7+ Kf6 50. Qd8# 1-0

[Event "Titled Tuesday intern op 12th Sep Early"]
[Site "Chess.com INT"]
[Date "2023.09.12"]
[Round "5"]
[White "Ruff, Maximilian"]
[Black "Silvestre, Christian"]
[Result "1-0"]
[WhiteElo "2241"]
[BlackElo "1942"]
[PlyCount "67"]
[EventDate "2023.09.12"]
[EventType "swiss (blitz)"]
[EventRounds "11"]
[EventCountry "USA"]
[SourceTitle "EXT 2024"]
[Source "ChessBase"]
[SourceDate "2023.10.10"]
[SourceVersion "1"]
[SourceVersionDate "2023.10.10"]
[SourceQuality "1"]

1. d4 e5 2. dxe5 Nc6 3. Nf3 Qe7 4. Bf4 Qb4+ 5. Bd2 Qxb2 6. Nc3 Bb4 7. Rb1 Qxc3 8. Bxc3 Bxc3+ 9. Nd2 Nxe5 10. e4 Nf6 11. Bd3 0-0 12. 0-0 d6 13. h3 b6 14. Nf3 Bb7 15. Nxe5 dxe5 16. Qe2 Bd4 17. Kh2 Rfe8 18. f3 Rac8 19. Ba6 Rb8 20. Bxb7 Rxb7 21. Qb5 Re6 22. Rfd1 h5 23. c3 Be3 24. Rd8+ Kh7 25. Qa6 h4 26. Qxb7 Bf4+ 27. Kg1 Nh5 28. Re1 Bg5 29. Rd7 Rg6 30. Rxf7 Nf4 31. Kf1 Bh6 32. Rxf4 Bxf4 33. Qxc7 Rf6 34. Rd1 1-0

[Event "Titled Tuesday intern op 12th Sep Early"]
[Site "Chess.com INT"]
[Date "2023.09.12"]
[Round "4"]
[White "Silvestre, Christian"]
[Black "Osiecki, Stanislaw"]
[Result "0-1"]
[WhiteElo "1942"]
[BlackElo "1996"]
[PlyCount "84"]
[EventDate "2023.09.12"]
[EventType "swiss (blitz)"]
[EventRounds "11"]
[EventCountry "USA"]
[SourceTitle "EXT 2024"]
[Source "ChessBase"]
[SourceDate "2023.10.10"]
[SourceVersion "1"]
[SourceVersionDate "2023.10.10"]
[SourceQuality "1"]

1. e4 e6 2. d4 d5 3. Nc3 Bb4 4. e5 c5 5. a3 Bxc3+ 6. bxc3 Qc7 7. Bd2 Ne7 8. Qg4 0-0 9. h4 cxd4 10. cxd4 Qxc2 11. Rc1 Qe4+ 12. Qxe4 dxe4 13. g4 Nbc6 14. Ne2 Rd8 15. Be3 b6 16. Bg2 Bb7 17. Bxe4 Rac8 18. 0-0 Nd5 19. Nf4 Nxf4 20. Bxc6 Ne2+ 21. Kh2 Rxc6 22. Rxc6 Bxc6 23. Re1 Nxd4 24. Kg3 Nb5 25. a4 Nc3 26. a5 bxa5 27. Bxa7 Ra8 28. Bc5 Ne4+ 29. Kh3 Nxc5 30. Rc1 a4 31. Rxc5 a3 32. Rc1 a2 33. Ra1 Bd5 34. f4 Rb8 35. f5 Rb1 36. Rxa2 Bxa2 37. Kg3 Kf8 38. Kf4 Rb4+ 39. Kg5 h6+ 40. Kh5 exf5 41. gxf5 Bd5 42. f6 Bf3# 0-1

[Event "Titled Tuesday intern op 15th Aug Late"]
[Site "Chess.com INT"]
[Date "2023.08.15"]
[Round "2"]
[White "Nasir, Zehn"]
[Black "Silvestre, Christian"]
[Result "1-0"]
[WhiteElo "2057"]
[BlackElo "1942"]
[PlyCount "47"]
[EventDate "2023.08.15"]
[EventType "swiss (blitz)"]
[EventRounds "11"]
[EventCountry "USA"]
[SourceTitle "EXT 2024"]
[Source "ChessBase"]
[SourceDate "2023.10.10"]
[SourceVersion "1"]
[SourceVersionDate "2023.10.10"]
[SourceQuality "1"]

1. d4 Nf6 2. Bf4 c5 3. e3 cxd4 4. exd4 d6 5. c3 g6 6. Nd2 Bg7 7. Bd3 0-0 8. Ngf3 Nc6 9. 0-0 e5 10. Bg3 Nh5 11. Bh4 Qb6 12. d5 Nb8 13. Be7 Qc7 14. Bxf8 Bxf8 15. Re1 Nd7 16. Bf1 Ndf6 17. Ne4 Nxe4 18. Rxe4 f5 19. Re1 Bh6 20. Qb3 g5 21. Nxe5 Nf4 22. Nd3 g4 23. Nxf4 Bxf4 24. Re8+ 1-0

[Event "Titled Tuesday intern op 15th Aug Late"]
[Site "Chess.com INT"]
[Date "2023.08.15"]
[Round "9"]
[White "Silvestre, Christian"]
[Black "Deng, Henry"]
[Result "0-1"]
[WhiteElo "1942"]
[BlackElo "2308"]
[PlyCount "38"]
[EventDate "2023.08.15"]
[EventType "swiss (blitz)"]
[EventRounds "11"]
[EventCountry "USA"]
[SourceTitle "EXT 2024"]
[Source "ChessBase"]
[SourceDate "2023.10.10"]
[SourceVersion "1"]
[SourceVersionDate "2023.10.10"]
[SourceQuality "1"]

1. e4 c5 2. Nc3 e6 3. f4 d5 4. d3 Nc6 5. g3 g6 6. Bg2 Nge7 7. Nge2 Bg7 8. 0-0 0-0 9. Rb1 Rb8 10. a3 b5 11. Kh1 b4 12. axb4 cxb4 13. Na4 b3 14. c4 Qa5 15. exd5 exd5 16. cxd5 Nxd5 17. Nac3 Nxc3 18. Nxc3 Nd4 19. Ra1 Qxa1 0-1